| 000 | 01947nam a2200253Ia 4500 | ||
|---|---|---|---|
| 999 |
_c51800 _d51800 |
||
| 001 | 18795 | ||
| 003 | GE_BSU | ||
| 005 | 20210415122703.0 | ||
| 008 | 181216s||||||||ge |||||||||||||| ||geo|| | ||
| 040 | _cGE_BSU | ||
| 041 | _ageo | ||
| 080 | _a61 ფ-29 | ||
| 100 |
_aფარქოსაძე, გიორგი _911378 |
||
| 245 |
_aოქსიდაციური სტრესის როლი ღვიძლის არაალკოჰოლური ცხიმოვანი დაავადებების პათოგენეზში პოსტმენოპაუზური ასაკის ქალებში / _cგიორგი ფარქოსაძე; სამეცნიერო ხელმძღვანელები : მაია სულაქველიძე, თამარ სანიკიძე; თბილისის სახელმწიფო სამედიცინო უნივერსიტეტი. |
||
| 264 |
_aთბილისი, _c2014. |
||
| 300 |
_a169 გვ.; _b30 სმ. |
||
| 653 | _aდისერტაცია | ||
| 653 | _aმედიცინა | ||
| 653 | _aოქსიდაციური სტრესის როლი ღვიძლის არაალკოჰოლური ცხიმოვანი დაავადებების პათოგენეზში პოსტმენოპაუზური ასაკის ქალებში | ||
| 700 |
_aსულაქველიძე, მაია _eსამეცნიერო ხელმძღვანელი _96367 |
||
| 700 |
_aსანიკიძე, თამარ _eსამეცნიერო ხელმძღვანელი _911300 |
||
| 710 |
_aთბილისის სახელმწიფო სამედიცინო უნივერსიტეტი _911379 |
||
| 942 |
_cBK _2udc |
||